[Event "Tradewise Gibraltar Masters 16th"]
[Site "Gibraltar"]
[Date "2018.01.27"]
[Round "5.79"]
[White "Longa Yauca, Javier"]
[Black "Raja, Harshit"]
[Result "1/2-1/2"]
[WhiteElo "2198"]
[BlackElo "2427"]
[PlyCount "105"]
[EventDate "2018.01.23"]
[EventType "swiss"]
[EventRounds "10"]
[EventCountry "GGB"]
[SourceTitle "BritBase"]
[Source "www.saund.co.uk"]
[SourceDate "2018.02.10"]
[SourceVersion "1"]
[SourceVersionDate "2018.02.10"]
[SourceQuality "1"]

1. d4 Nf6 2. c4 e6 3. Nf3 b6 4. g3 Bb7 5. Bg5 Bb4+ 6. Nbd2 h6 7. Bxf6 Qxf6 8.
Bg2 Nc6 9. e3 Bxd2+ 10. Nxd2 g5 11. O-O h5 12. Ne4 Qg6 13. d5 exd5 14. cxd5 Ne7
15. d6 f5 16. Qd4 Rh6 17. dxe7 fxe4 18. Rfd1 Qe6 19. Qg7 Qf6 20. Qf8+ Qxf8 21.
exf8=Q+ Kxf8 22. Rxd7 Rc8 23. Rc1 Bc6 24. Rd4 Re8 25. b4 Re5 26. Rdc4 Ree6 27.
b5 Bxb5 28. Rxc7 a6 29. h4 gxh4 30. gxh4 Rhg6 31. Ra7 Re7 32. Rxe7 Kxe7 33.
Rc7+ Ke6 34. Rh7 Be2 35. Kh2 Bf3 36. Bxf3 exf3 37. Kh3 Rg2 38. Rh6+ Kf5 39.
Rxb6 Rxf2 40. Kg3 Rf1 41. Rb4 Ke5 42. a4 a5 43. Rd4 Kf5 44. Rf4+ Ke5 45. Rxf3
Ra1 46. Kf2 Rxa4 47. Rh3 Rc4 48. Kf3 Rc1 49. Rg3 Rf1+ 50. Ke2 Rh1 51. Kf3 Rxh4
52. Rg5+ Ke6 53. Rxa5 1/2-1/2

[Event "Tradewise Gibraltar Masters 16th"]
[Site "Gibraltar"]
[Date "2018.01.27"]
[Round "5.80"]
[White "Solomon, Kenny"]
[Black "Van Zyl-Rudd, Jack"]
[Result "1-0"]
[WhiteElo "2420"]
[BlackElo "2197"]
[PlyCount "49"]
[EventDate "2018.01.23"]
[EventType "swiss"]
[EventRounds "10"]
[EventCountry "GGB"]
[SourceTitle "BritBase"]
[Source "www.saund.co.uk"]
[SourceDate "2018.02.10"]
[SourceVersion "1"]
[SourceVersionDate "2018.02.10"]
[SourceQuality "1"]

1. d4 d5 2. Nf3 Nf6 3. c4 e6 4. Nc3 c5 5. cxd5 Nxd5 6. e3 Nc6 7. Bd3 cxd4 8.
exd4 Bb4 9. Bd2 O-O 10. O-O Nf6 11. Bg5 Be7 12. a3 Nd5 13. Bc1 h6 14. Qe2 Bd6
15. Bc2 Nce7 16. Rd1 Nxc3 17. bxc3 Qc7 18. c4 Bf4 19. Bb2 Nc6 20. d5 exd5 21.
cxd5 Ne7 22. Qd3 Ng6 23. Qd4 f5 24. d6 Qd7 25. Ba4 1-0

[Event "Tradewise Gibraltar Masters 16th"]
[Site "Gibraltar"]
[Date "2018.01.27"]
[Round "5.81"]
[White "Pigott, John C"]
[Black "Gonzalez Gonzalez, Alfonso"]
[Result "1/2-1/2"]
[WhiteElo "2418"]
[BlackElo "2192"]
[PlyCount "74"]
[EventDate "2018.01.23"]
[EventType "swiss"]
[EventRounds "10"]
[EventCountry "GGB"]
[SourceTitle "BritBase"]
[Source "www.saund.co.uk"]
[SourceDate "2018.02.10"]
[SourceVersion "1"]
[SourceVersionDate "2018.02.10"]
[SourceQuality "1"]

1. Nf3 Nf6 2. c4 e6 3. Nc3 d5 4. e3 Be7 5. b3 c5 6. cxd5 Nxd5 7. Bb2 O-O 8. Qc2
Nb4 9. Qb1 Nd7 10. a3 Nc6 11. Bb5 Nde5 12. Nxe5 Nxe5 13. Ne4 Qd5 14. O-O Rd8
15. Ng3 Bd7 16. Be2 Bc6 17. e4 Qd6 18. d3 Ng6 19. Rd1 Nf4 20. Bf1 Rd7 21. Qc1
Bg5 22. Qc3 Bh6 23. Rac1 b6 24. d4 Rad8 25. Qf3 Ng6 26. Rc2 Qf4 27. Qxf4 Bxf4
28. Re1 Bd6 29. f3 Bb7 30. Bb5 Rc7 31. dxc5 Rxc5 32. Rxc5 Bxc5+ 33. Kf1 Rd2 34.
Re2 Rd1+ 35. Re1 Rd2 36. Re2 Rd1+ 37. Re1 Rd2 1/2-1/2

[Event "Tradewise Gibraltar Masters 16th"]
[Site "Gibraltar"]
[Date "2018.01.27"]
[Round "5.82"]
[White "Verneuil, Pascal"]
[Black "Wallace, John Paul"]
[Result "0-1"]
[WhiteElo "2159"]
[BlackElo "2415"]
[PlyCount "150"]
[EventDate "2018.01.23"]
[EventType "swiss"]
[EventRounds "10"]
[EventCountry "GGB"]
[SourceTitle "BritBase"]
[Source "www.saund.co.uk"]
[SourceDate "2018.02.10"]
[SourceVersion "1"]
[SourceVersionDate "2018.02.10"]
[SourceQuality "1"]

1. e4 e6 2. d4 d5 3. e5 c5 4. Nf3 cxd4 5. Bd3 Nd7 6. O-O Ne7 7. Bf4 Nc6 8. a3
Be7 9. b4 a6 10. b5 axb5 11. Bxb5 g5 12. Bg3 h5 13. h3 Qb6 14. a4 Nc5 15. Qxd4
Bd7 16. Bxc6 Bxc6 17. Nc3 g4 18. hxg4 hxg4 19. Qxg4 Ne4 20. Nxe4 dxe4 21. Ng5
Rg8 22. Bf4 O-O-O 23. a5 Qa6 24. Qh5 Rg7 25. Nxf7 Be8 26. Nd6+ Bxd6 27. Qh8 Rf7
28. exd6 Rxf4 29. Rfd1 e3 30. Qc3+ Qc6 31. Qxe3 Rg4 32. f3 Rc4 33. Qxe6+ Bd7
34. Qe3 Qc5 35. Qxc5+ Rxc5 36. a6 b5 37. Rd2 Kb8 38. Kf2 Ka7 39. g4 Rc3 40. Re1
Kxa6 41. Re3 Rc4 42. Re7 Kb6 43. Rf7 b4 44. g5 Ba4 45. g6 Rxc2 46. Rxc2 Bxc2
47. g7 Bb3 48. Rf8 Rxd6 49. g8=Q Bxg8 50. Rxg8 Kc5 51. Ke3 b3 52. Rb8 Kc4 53.
Rc8+ Kb4 54. Rb8+ Kc3 55. f4 Rd3+ 56. Ke4 Rd4+ 57. Ke5 Rb4 58. Rh8 b2 59. Rh1
b1=Q 60. Rxb1 Rxb1 61. f5 Rb5+ 62. Ke6 Kd4 63. f6 Rb6+ 64. Ke7 Ke5 65. f7 Rb7+
66. Ke8 Ke6 67. f8=N+ Kd6 68. Ng6 Rg7 69. Nf4 Rg5 70. Nd3 Rf5 71. Nb2 Rf4 72.
Nd3 Rf3 73. Nb2 Kc5 74. Na4+ Kb5 75. Nb2 Kb4 0-1

[Event "Tradewise Gibraltar Masters 16th"]
[Site "Gibraltar"]
[Date "2018.01.27"]
[Round "5.83"]
[White "Keymer, Vincent"]
[Black "Bendayan Claros, Aaron"]
[Result "1/2-1/2"]
[WhiteElo "2408"]
[BlackElo "2191"]
[PlyCount "101"]
[EventDate "2018.01.23"]
[EventType "swiss"]
[EventRounds "10"]
[EventCountry "GGB"]
[SourceTitle "BritBase"]
[Source "www.saund.co.uk"]
[SourceDate "2018.02.10"]
[SourceVersion "1"]
[SourceVersionDate "2018.02.10"]
[SourceQuality "1"]

1. d4 Nf6 2. c4 e6 3. Nf3 d5 4. Nc3 Bb4 5. cxd5 exd5 6. Bg5 Nbd7 7. Nd2 Be7 8.
e3 O-O 9. Be2 c6 10. O-O Re8 11. Qc2 Nf8 12. Rae1 g6 13. Bd3 Ne6 14. Bh4 c5 15.
Nf3 c4 16. Be2 Ng7 17. b3 cxb3 18. Qxb3 Be6 19. Qxb7 Qa5 20. Rc1 Nf5 21. Bxf6
Bxf6 22. Qb5 Qd8 23. Qa4 Qe7 24. Rfd1 Rad8 25. Ne5 Bxe5 26. dxe5 Qg5 27. Qf4
Qe7 28. e4 g5 29. Qf3 Nh4 30. Qe3 d4 31. Rxd4 Rxd4 32. Qxd4 Qa3 33. Rd1 Kg7 34.
g3 Ng6 35. Kg2 Rc8 36. Nd5 Qxa2 37. Rd2 Rc2 38. Rxc2 Qxc2 39. Bh5 a5 40. Bxg6
hxg6 41. Nf6 Qc8 42. h4 gxh4 43. gxh4 Qh8 44. Kg3 Qb8 45. h5 a4 46. hxg6 Kxg6
47. f3 Qb1 48. f4 Qe1+ 49. Kf3 Qf1+ 50. Ke3 Qe1+ 51. Kf3 1/2-1/2

[Event "Tradewise Gibraltar Masters 16th"]
[Site "Gibraltar"]
[Date "2018.01.27"]
[Round "5.84"]
[White "Shachar, Ehud"]
[Black "Weisbuch, Udi"]
[Result "1/2-1/2"]
[WhiteElo "2401"]
[BlackElo "2177"]
[PlyCount "56"]
[EventDate "2018.01.23"]
[EventType "swiss"]
[EventRounds "10"]
[EventCountry "GGB"]
[SourceTitle "BritBase"]
[Source "www.saund.co.uk"]
[SourceDate "2018.02.10"]
[SourceVersion "1"]
[SourceVersionDate "2018.02.10"]
[SourceQuality "1"]

1. d4 d5 2. c4 e6 3. Nf3 Nf6 4. Nc3 dxc4 5. e4 Bb4 6. Bg5 c5 7. Bxc4 cxd4 8.
Nxd4 Bxc3+ 9. bxc3 Qa5 10. Bxf6 Qxc3+ 11. Kf1 gxf6 12. Rc1 Qa5 13. Bb5+ Ke7 14.
e5 fxe5 15. Qh5 Nd7 16. Qg5+ Kf8 17. Rxc8+ Rxc8 18. Bxd7 Qd8 19. Nxe6+ fxe6 20.
Qh6+ Ke7 21. Qxe6+ Kf8 22. Qh6+ Kf7 23. Qe6+ Kg7 24. Qg4+ Kf7 25. Qe6+ Kg7 26.
Qg4+ Kf7 27. Qe6+ Kg7 28. Qg4+ Kf7 1/2-1/2

[Event "Tradewise Gibraltar Masters 16th"]
[Site "Gibraltar"]
[Date "2018.01.27"]
[Round "5.85"]
[White "Cholleti, Sahajasri"]
[Black "Hoolt, Sarah"]
[Result "0-1"]
[WhiteElo "2083"]
[BlackElo "2400"]
[PlyCount "58"]
[EventDate "2018.01.23"]
[EventType "swiss"]
[EventRounds "10"]
[EventCountry "GGB"]
[SourceTitle "BritBase"]
[Source "www.saund.co.uk"]
[SourceDate "2018.02.10"]
[SourceVersion "1"]
[SourceVersionDate "2018.02.10"]
[SourceQuality "1"]

1. Nf3 d6 2. d4 Nf6 3. c4 Nbd7 4. Nc3 e5 5. e4 c6 6. Be2 g6 7. O-O Bg7 8. Be3
O-O 9. d5 c5 10. Ne1 Re8 11. Nd3 Qe7 12. a3 a5 13. b4 axb4 14. axb4 Rxa1 15.
Qxa1 cxb4 16. Nxb4 Nc5 17. f3 Nh5 18. g3 f5 19. Bf2 Nf6 20. Qb1 Bh6 21. Rd1
fxe4 22. Nxe4 Ncxe4 23. fxe4 Ng4 24. Bb6 Be3+ 25. Bxe3 Nxe3 26. Re1 Qc7 27. Rc1
Qc5 28. Nd3 Qd4 29. Nf2 Rf8 0-1

[Event "Tradewise Gibraltar Masters 16th"]
[Site "Gibraltar"]
[Date "2018.01.27"]
[Round "5.86"]
[White "Bakalchuk, Johnatan"]
[Black "Coleman, David J"]
[Result "1/2-1/2"]
[WhiteElo "2400"]
[BlackElo "2055"]
[PlyCount "120"]
[EventDate "2018.01.23"]
[EventType "swiss"]
[EventRounds "10"]
[EventCountry "GGB"]
[SourceTitle "BritBase"]
[Source "www.saund.co.uk"]
[SourceDate "2018.02.10"]
[SourceVersion "1"]
[SourceVersionDate "2018.02.10"]
[SourceQuality "1"]

1. d4 Nf6 2. Nc3 d5 3. Bf4 c5 4. e3 cxd4 5. exd4 a6 6. Bd3 Nc6 7. Nge2 g6 8.
Qd2 Nb4 9. f3 h5 10. h4 Nxd3+ 11. cxd3 e6 12. Rc1 Bd7 13. Kf2 Bc6 14. Rc2 Nd7
15. Qe3 Be7 16. g3 Nf8 17. Rb1 Qd7 18. b4 f6 19. a4 Bxa4 20. Nxa4 Qxa4 21. Rc7
Bd8 22. Rxb7 Qc6 23. Rg7 Rh7 24. Rc1 Qb6 25. Bh6 Rxg7 26. Bxg7 Be7 27. Bxf8
Bxf8 28. Nf4 Kf7 29. g4 hxg4 30. fxg4 Re8 31. g5 Bg7 32. Rc5 Qd6 33. Kg2 fxg5
34. hxg5 Kg8 35. Nxg6 e5 36. Nh4 Rf8 37. dxe5 Bxe5 38. Nf3 Bg7 39. d4 Qd7 40.
Nh2 Qf5 41. Kg3 Qd7 42. Ng4 Qd6+ 43. Kh4 Kf7 44. Ne5+ Bxe5 45. dxe5 Rh8+ 46.
Kg3 Qe6 47. Qf3+ Ke8 48. Kg2 Rf8 49. Qh5+ Kd7 50. g6 d4 51. Rc2 d3 52. Rd2 Qd5+
53. Kg3 Kc7 54. g7 Rf1 55. Rd1 Rxd1 56. Qxd1 Qxe5+ 57. Kf2 Qd4+ 58. Kf3 Qf6+
59. Ke3 Qxg7 60. Qxd3 Qg3+ 1/2-1/2

[Event "Tradewise Gibraltar Masters 16th"]
[Site "Gibraltar"]
[Date "2018.01.27"]
[Round "5.87"]
[White "Berrocal Ruiz, Valentin"]
[Black "Martinez Martin, David"]
[Result "0-1"]
[WhiteElo "2068"]
[BlackElo "2399"]
[PlyCount "62"]
[EventDate "2018.01.23"]
[EventType "swiss"]
[EventRounds "10"]
[EventCountry "GGB"]
[SourceTitle "BritBase"]
[Source "www.saund.co.uk"]
[SourceDate "2018.02.10"]
[SourceVersion "1"]
[SourceVersionDate "2018.02.10"]
[SourceQuality "1"]

1. Nf3 d5 2. c4 d4 3. b4 f6 4. e3 e5 5. c5 a5 6. Nxe5 fxe5 7. Qh5+ Kd7 8. Qf5+
Ke7 9. Qxe5+ Be6 10. Bc4 Qd7 11. b5 c6 12. Na3 Nf6 13. Bb2 Kf7 14. Bxd4 cxb5
15. Bxe6+ Qxe6 16. Qc7+ Nbd7 17. Qxb7 Bxc5 18. Bxc5 Rhb8 19. Qf3 Nxc5 20. Nxb5
Nd3+ 21. Kf1 Rxb5 22. Qxa8 Ne4 23. Ke2 Ndxf2 24. Rhc1 Qg4+ 25. Kf1 Rf5 26. Rc7+
Kg6 27. Qa6+ Kh5 28. Ke1 Qxg2 29. Qe2+ Kh6 30. Rc6+ g6 31. d3 Nxd3+ 0-1

[Event "Tradewise Gibraltar Masters 16th"]
[Site "Gibraltar"]
[Date "2018.01.27"]
[Round "5.88"]
[White "Maisuradze, Nino"]
[Black "Bosiocic, Marin"]
[Result "0-1"]
[WhiteElo "2234"]
[BlackElo "2628"]
[PlyCount "68"]
[EventDate "2018.01.23"]
[EventType "swiss"]
[EventRounds "10"]
[EventCountry "GGB"]
[SourceTitle "BritBase"]
[Source "www.saund.co.uk"]
[SourceDate "2018.02.10"]
[SourceVersion "1"]
[SourceVersionDate "2018.02.10"]
[SourceQuality "1"]

1. d4 Nf6 2. c4 e6 3. Nf3 b6 4. a3 g6 5. Nc3 Bb7 6. Qc2 Bg7 7. e4 d6 8. Bd3 O-O
9. O-O Nbd7 10. h3 Nh5 11. g4 Nhf6 12. Be3 a6 13. Rad1 Qe7 14. Nd2 c5 15. d5
exd5 16. cxd5 b5 17. Rfe1 Rac8 18. f4 Rfe8 19. Bf2 Nb6 20. Bf1 Nfd7 21. Bg2 b4
22. Ncb1 Qf6 23. e5 Qxf4 24. e6 Ne5 25. Ne4 Bxd5 26. Rxd5 Nxd5 27. Bg3 Qh6 28.
Nxd6 Rxe6 29. Nxc8 Nf3+ 30. Bxf3 Bd4+ 31. Kh2 Rxe1 32. Bxe1 Qf4+ 33. Bg3 Qxf3
34. Nd6 Ne3 0-1

[Event "Tradewise Gibraltar Masters 16th"]
[Site "Gibraltar"]
[Date "2018.01.27"]
[Round "5.89"]
[White "Suarez Gomez, Julio"]
[Black "Kvisla, Johannes Luangtep"]
[Result "1-0"]
[WhiteElo "2486"]
[BlackElo "2234"]
[PlyCount "59"]
[EventDate "2018.01.23"]
[EventType "swiss"]
[EventRounds "10"]
[EventCountry "GGB"]
[SourceTitle "BritBase"]
[Source "www.saund.co.uk"]
[SourceDate "2018.02.10"]
[SourceVersion "1"]
[SourceVersionDate "2018.02.10"]
[SourceQuality "1"]

1. e4 c6 2. d4 d5 3. Nd2 g6 4. Ngf3 Nh6 5. Bd3 Bg7 6. O-O O-O 7. Re1 dxe4 8.
Nxe4 Nf5 9. c3 Nd7 10. Bg5 h6 11. Bf4 Nb6 12. h3 Nd5 13. Bh2 Nd6 14. Qd2 Nxe4
15. Bxe4 Bf5 16. Bxf5 gxf5 17. c4 Nf6 18. Qb4 Ne4 19. Qxb7 Bxd4 20. Nxd4 Qxd4
21. Rf1 e6 22. Rad1 Qxc4 23. Qe7 Kh7 24. Bf4 Nf6 25. Qxf6 Qxf4 26. Rd7 Kg8 27.
Rd3 Rfb8 28. Rg3+ Kf8 29. Rg7 h5 30. Qxf7# 1-0

[Event "Tradewise Gibraltar Masters 16th"]
[Site "Gibraltar"]
[Date "2018.01.27"]
[Round "5.90"]
[White "Barthel, Ansgar"]
[Black "Devereaux, Maxim L"]
[Result "0-1"]
[WhiteElo "2187"]
[BlackElo "2370"]
[PlyCount "86"]
[EventDate "2018.01.23"]
[EventType "swiss"]
[EventRounds "10"]
[EventCountry "GGB"]
[SourceTitle "BritBase"]
[Source "www.saund.co.uk"]
[SourceDate "2018.02.10"]
[SourceVersion "1"]
[SourceVersionDate "2018.02.10"]
[SourceQuality "1"]

1. e4 e6 2. d4 d5 3. Nc3 Bb4 4. e5 Ne7 5. a3 Bxc3+ 6. bxc3 c5 7. Qg4 cxd4 8.
Qxg7 Rg8 9. Qxh7 Qc7 10. Ne2 Nbc6 11. f4 dxc3 12. Nxc3 Nd4 13. Bb2 Bd7 14.
O-O-O Qb6 15. Kb1 Rc8 16. Qd3 Nef5 17. g3 Rc5 18. Rc1 Ke7 19. g4 Rxg4 20. Bh3
Rxf4 21. Bxf5 Nxf5 22. Qd2 Rcc4 23. Ne2 Rg4 24. h3 Rg2 25. Rhg1 Rxg1 26. Rxg1
Qe3 27. Qxe3 Nxe3 28. Bc1 Nxc2 29. Bg5+ Ke8 30. Bf6 Ba4 31. Rg8+ Kd7 32. Kb2
Ne1 33. Nc1 Rc2+ 34. Kb1 Rh2 35. Rf8 Bc2+ 36. Ka1 Bg6 37. Rh8 b6 38. h4 Kc7 39.
Bd8+ Kb7 40. Bf6 a5 41. a4 d4 42. Rd8 Nc2+ 43. Kb2 Nb4+ 0-1

[Event "Tradewise Gibraltar Masters 16th"]
[Site "Gibraltar"]
[Date "2018.01.27"]
[Round "5.91"]
[White "Lombaers, Peter"]
[Black "Walton, Alan J"]
[Result "1-0"]
[WhiteElo "2345"]
[BlackElo "2194"]
[PlyCount "65"]
[EventDate "2018.01.23"]
[EventType "swiss"]
[EventRounds "10"]
[EventCountry "GGB"]
[SourceTitle "BritBase"]
[Source "www.saund.co.uk"]
[SourceDate "2018.02.10"]
[SourceVersion "1"]
[SourceVersionDate "2018.02.10"]
[SourceQuality "1"]

1. c4 f5 2. d4 Nf6 3. g3 e6 4. Bg2 Be7 5. Nf3 d6 6. Nc3 O-O 7. O-O Qe8 8. Re1
Ne4 9. Qc2 Qg6 10. Nd2 Nxc3 11. Qxc3 Bf6 12. e4 e5 13. exf5 Qxf5 14. d5 Nd7 15.
Ne4 Be7 16. Be3 Nf6 17. Nxf6+ Qxf6 18. c5 Bg4 19. Qb3 Bf3 20. Bxf3 Qxf3 21.
Qxb7 Rab8 22. Qxa7 Rxb2 23. cxd6 Bxd6 24. Rab1 Rxb1 25. Rxb1 Qxd5 26. a4 h5 27.
Qb7 Qa2 28. Qe4 h4 29. gxh4 Qe2 30. h3 Rxf2 31. Qd5+ Rf7 32. Rb8+ Bf8 33. Rxf8+
1-0

[Event "Tradewise Gibraltar Masters 16th"]
[Site "Gibraltar"]
[Date "2018.01.27"]
[Round "5.92"]
[White "Quillan, Gary"]
[Black "Spence, David J"]
[Result "1-0"]
[WhiteElo "2340"]
[BlackElo "2127"]
[PlyCount "31"]
[EventDate "2018.01.23"]
[EventType "swiss"]
[EventRounds "10"]
[EventCountry "GGB"]
[SourceTitle "BritBase"]
[Source "www.saund.co.uk"]
[SourceDate "2018.02.10"]
[SourceVersion "1"]
[SourceVersionDate "2018.02.10"]
[SourceQuality "1"]

1. e4 Nf6 2. e5 Nd5 3. Nc3 Nxc3 4. dxc3 d6 5. Nf3 Nc6 6. Bb5 Bd7 7. Qe2 Nxe5 8.
Nxe5 dxe5 9. Qxe5 a6 10. Bc4 Bc6 11. Bf4 Qd6 12. Qe3 Qg6 13. O-O-O Qxg2 14.
Rhe1 Qf3 15. Qe5 g6 16. Rd3 1-0

[Event "Tradewise Gibraltar Masters 16th"]
[Site "Gibraltar"]
[Date "2018.01.27"]
[Round "5.93"]
[White "Movileanu, Daniela"]
[Black "Gara, Ticia"]
[Result "1-0"]
[WhiteElo "2163"]
[BlackElo "2331"]
[PlyCount "105"]
[EventDate "2018.01.23"]
[EventType "swiss"]
[EventRounds "10"]
[EventCountry "GGB"]
[SourceTitle "BritBase"]
[Source "www.saund.co.uk"]
[SourceDate "2018.02.10"]
[SourceVersion "1"]
[SourceVersionDate "2018.02.10"]
[SourceQuality "1"]

1. e4 c5 2. Nf3 Nc6 3. d4 cxd4 4. Nxd4 Nf6 5. Nc3 d6 6. Bg5 e6 7. Qd2 a6 8.
O-O-O Bd7 9. Be2 Be7 10. f4 Nxd4 11. Qxd4 Bc6 12. Qe3 Qc7 13. Bxf6 Bxf6 14. Nd5
Bxd5 15. exd5 e5 16. Qe4 O-O 17. Bd3 g6 18. f5 Qb6 19. c3 Bg5+ 20. Kb1 Qe3 21.
Qb4 a5 22. Qa4 Rfe8 23. h4 Qf4 24. Bb5 Qxf5+ 25. Ka1 Re7 26. g4 Qf6 27. hxg5
Qxg5 28. Qe4 Kg7 29. Rdf1 Rf8 30. Bd3 f6 31. Kb1 Kg8 32. Rhg1 Rg7 33. Rg2 Qh4
34. Rgf2 Qg5 35. Rh1 Re7 36. Kc2 Rg7 37. Rhf1 Re7 38. Rg2 Rg7 39. Qe2 Re8 40.
Be4 Rf8 41. Qd2 Qh4 42. Qf2 Qxf2+ 43. Rgxf2 Rgf7 44. Kb3 Kg7 45. Ka4 Kh6 46.
Kxa5 Kg5 47. b3 Rc8 48. c4 Ra8+ 49. Kb5 Ra6 50. a4 Ra8 51. a5 Rc8 52. b4 Rfc7
53. Rc2 1-0

[Event "Tradewise Gibraltar Masters 16th"]
[Site "Gibraltar"]
[Date "2018.01.27"]
[Round "5.94"]
[White "Horvath, Dominik"]
[Black "Herzwurm, Robert"]
[Result "1-0"]
[WhiteElo "2329"]
[BlackElo "2123"]
[PlyCount "57"]
[EventDate "2018.01.23"]
[EventType "swiss"]
[EventRounds "10"]
[EventCountry "GGB"]
[SourceTitle "BritBase"]
[Source "www.saund.co.uk"]
[SourceDate "2018.02.10"]
[SourceVersion "1"]
[SourceVersionDate "2018.02.10"]
[SourceQuality "1"]

1. c4 Nf6 2. Nf3 g6 3. Nc3 Bg7 4. e4 d6 5. d4 O-O 6. Be2 e5 7. O-O Nc6 8. dxe5
dxe5 9. Bg5 Bg4 10. Qxd8 Nxd8 11. Bxf6 Bxf6 12. Nd5 Bg7 13. Nxc7 Rc8 14. Nd5
Nc6 15. b4 Bxf3 16. Bxf3 Rfe8 17. Bd1 Nd4 18. Ba4 Re6 19. Bd7 Rxc4 20. Bxe6
fxe6 21. Ne3 Rxb4 22. Rfb1 Ra4 23. Rxb7 h5 24. g3 g5 25. Kg2 Kh7 26. Rc1 Kg6
27. Rcc7 Bf6 28. Rxa7 Rb4 29. Rcb7 1-0

[Event "Tradewise Gibraltar Masters 16th"]
[Site "Gibraltar"]
[Date "2018.01.27"]
[Round "5.95"]
[White "Papp, Petra"]
[Black "Stewart, Ashley"]
[Result "1-0"]
[WhiteElo "2324"]
[BlackElo "2120"]
[PlyCount "127"]
[EventDate "2018.01.23"]
[EventType "swiss"]
[EventRounds "10"]
[EventCountry "GGB"]
[SourceTitle "BritBase"]
[Source "www.saund.co.uk"]
[SourceDate "2018.02.10"]
[SourceVersion "1"]
[SourceVersionDate "2018.02.10"]
[SourceQuality "1"]

1. e4 c5 2. Nf3 g6 3. d4 cxd4 4. Nxd4 Nc6 5. c4 Nf6 6. Nc3 Nxd4 7. Qxd4 d6 8.
Be2 Bg7 9. Be3 O-O 10. Qd2 a5 11. f3 a4 12. Rc1 Qa5 13. Kf2 Rd8 14. Rhd1 Be6
15. Nd5 Qxd2 16. Rxd2 Nxd5 17. cxd5 Bd7 18. Rc7 b5 19. Rdc2 b4 20. Rb7 Rab8 21.
Rcc7 Rxb7 22. Rxb7 Bxb2 23. Rxb4 a3 24. Bd4 Bxd4+ 25. Rxd4 Rb8 26. Ke3 Rb2 27.
Rd2 Bb5 28. Bxb5 Rxb5 29. g3 Kg7 30. h4 f5 31. Rd3 fxe4 32. fxe4 Rb1 33. Rxa3
Kf6 34. Ra7 h5 35. a4 Rg1 36. Kf2 Ra1 37. a5 Ra3 38. a6 Ra5 39. Kf3 Ra3+ 40.
Kf4 Ra1 41. Ra8 Ra3 42. a7 Kg7 43. g4 hxg4 44. Kxg4 Ra1 45. h5 gxh5+ 46. Kxh5
Kf7 47. Kg4 Rg1+ 48. Kf3 Ra1 49. e5 Kg7 50. exd6 exd6 51. Ke4 Ra5 52. Kd4 Ra4+
53. Kc3 Ra6 54. Kc4 Ra1 55. Kb5 Ra2 56. Kb6 Rb2+ 57. Kc6 Rc2+ 58. Kxd6 Ra2 59.
Rc8 Ra6+ 60. Rc6 Ra5 61. Rc7+ Kf6 62. Rb7 Ra6+ 63. Kc7 Ke5 64. Kb8 1-0

[Event "Tradewise Gibraltar Masters 16th"]
[Site "Gibraltar"]
[Date "2018.01.27"]
[Round "5.96"]
[White "Kozarcanin, Sead"]
[Black "Garcia Martin, Marta"]
[Result "0-1"]
[WhiteElo "2048"]
[BlackElo "2323"]
[PlyCount "92"]
[EventDate "2018.01.23"]
[EventType "swiss"]
[EventRounds "10"]
[EventCountry "GGB"]
[SourceTitle "BritBase"]
[Source "www.saund.co.uk"]
[SourceDate "2018.02.10"]
[SourceVersion "1"]
[SourceVersionDate "2018.02.10"]
[SourceQuality "1"]

1. b3 Nf6 2. Bb2 g6 3. f4 Bg7 4. Nf3 O-O 5. e3 c5 6. c4 Nc6 7. Be2 b6 8. O-O
Bb7 9. Ne5 Nxe5 10. fxe5 Ne8 11. d4 d6 12. exd6 Nxd6 13. Bd3 e6 14. Qe2 Qg5 15.
Re1 Rad8 16. Na3 Rfe8 17. dxc5 Bxg2 18. Qxg2 Qxg2+ 19. Kxg2 Bxb2 20. Rad1 Bxa3
21. cxd6 Bb4 22. Rf1 Rxd6 23. Be4 Red8 24. Rxd6 Rxd6 25. Rf2 Bc5 26. Re2 Rd1
27. Bc6 f5 28. e4 Kf7 29. exf5 gxf5 30. Bf3 Rd3 31. Bb7 Kf6 32. Rb2 a5 33. Kf1
Bb4 34. Ke2 Rh3 35. Kf1 Re3 36. Kg2 Rd3 37. Kf1 Rd2 38. Rxd2 Bxd2 39. Ke2 Bb4
40. h3 e5 41. Bc8 e4 42. Bd7 Ke5 43. Be8 f4 44. Bh5 f3+ 45. Kf2 Kf4 46. Bf7 e3+
0-1

[Event "Tradewise Gibraltar Masters 16th"]
[Site "Gibraltar"]
[Date "2018.01.27"]
[Round "5.97"]
[White "Lopez Mulet, Inigo"]
[Black "Smith, Andrew Philip"]
[Result "1-0"]
[WhiteElo "2318"]
[BlackElo "2111"]
[PlyCount "117"]
[EventDate "2018.01.23"]
[EventType "swiss"]
[EventRounds "10"]
[EventCountry "GGB"]
[SourceTitle "BritBase"]
[Source "www.saund.co.uk"]
[SourceDate "2018.02.10"]
[SourceVersion "1"]
[SourceVersionDate "2018.02.10"]
[SourceQuality "1"]

1. e4 c5 2. Nf3 Nc6 3. d4 cxd4 4. Nxd4 Nf6 5. Nc3 e5 6. Ndb5 d6 7. Bg5 a6 8.
Bxf6 gxf6 9. Na3 b5 10. Nd5 f5 11. exf5 Bxf5 12. Qf3 Nd4 13. Nc7+ Qxc7 14.
Qxa8+ Ke7 15. c3 b4 16. cxb4 Qb6 17. Bxa6 Qxb4+ 18. Kf1 Qd2 19. h3 Bh6 20. Qb7+
Kf8 21. Kg1 Bf4 22. Bc4 d5 23. Qxd5 Be6 24. Qe4 Qxb2 25. Rb1 Qxa3 26. Bxe6 Nxe6
27. g3 Qxa2 28. Rb8+ Kg7 29. gxf4 exf4 30. Rxh8 Kxh8 31. h4 Qa1+ 32. Kh2 Qf6
33. Qa8+ Kg7 34. Qg2+ Kh6 35. Qg4 f3 36. Rg1 Qe5+ 37. Qg3 Qf6 38. Rd1 Qf5 39.
Rd6 Kh5 40. Rd7 Qf6 41. Rd5+ Kh6 42. Rd3 Qg6 43. Qxf3 Kg7 44. Rd1 Kf8 45. Qb3
Ke8 46. Qa4+ Ke7 47. Qb4+ Kf6 48. Qc3+ Ke7 49. Ra1 Qe4 50. Ra7+ Kd6 51. Qg3+
Kd5 52. Rxf7 h5 53. Rd7+ Kc4 54. Ra7 Kd5 55. Ra5+ Kc6 56. Rxh5 Nd4 57. Rh6+ Kc5
58. Rf6 Ne2 59. Qe3+ 1-0

[Event "Tradewise Gibraltar Masters 16th"]
[Site "Gibraltar"]
[Date "2018.01.27"]
[Round "5.98"]
[White "Bliumberg, Vladislav"]
[Black "Osuna Vega, Enrique"]
[Result "1/2-1/2"]
[WhiteElo "2276"]
[BlackElo "2102"]
[PlyCount "58"]
[EventDate "2018.01.23"]
[EventType "swiss"]
[EventRounds "10"]
[EventCountry "GGB"]
[SourceTitle "BritBase"]
[Source "www.saund.co.uk"]
[SourceDate "2018.02.10"]
[SourceVersion "1"]
[SourceVersionDate "2018.02.10"]
[SourceQuality "1"]

1. e4 e6 2. d4 d5 3. exd5 exd5 4. Nf3 Nf6 5. Bd3 c5 6. O-O c4 7. Re1+ Be7 8.
Bf1 O-O 9. b3 cxb3 10. axb3 Bg4 11. h3 Bh5 12. Nbd2 Bb4 13. Ra4 Nc6 14. g4 Bg6
15. Ne5 Nxe5 16. Rxb4 Nc6 17. Ra4 Ne4 18. Nxe4 Bxe4 19. Ba3 Re8 20. f3 Bg6 21.
Rxe8+ Qxe8 22. Bc1 Qb8 23. Kg2 b5 24. Ra1 Qb6 25. Be3 Nb4 26. Rc1 Na2 27. Ra1
Nb4 28. Rc1 Na2 29. Ra1 Nb4 1/2-1/2